Obálka Náhled e-knihy:
PDF Epub
Pro půjčování e-knih musíte být přihlášeni.
Jak si půjčit online?

Septologie /

Klíčové dílo jednoho z nejdůležitějších spisovatelů naší doby  Je advent a stárnoucí malíř Asle se připravuje na svou každoroční vánoční výstavu. Jeho pravidelný život vdovce vyplněný prací, vzpomínkami na milovanou ženu a hovory se sousedem naruší nečekaná událos...

Celý popis

Uloženo v:
Hlavní autor: Fosse, Jon (Autor)
Médium: E-kniha
Jazyk:Czech
Vydáno: Praha : HOST - vydavatelství, s.r.o., 2026
Tagy:
Žádné tagy
LEADER 02781nam a22002297i 4500
001 302541
007 ta
008 260513s2026 xr ||||| |||| 00| 0 cze d
020 |a 9788027528684 
044 |a xr 
100 1 |a  Fosse, Jon  |4 aut 
245 1 0 |a Septologie /  |c  Fosse, Jon 
240 1 0 |a Septologien 
264 1 |a Praha :  |b HOST - vydavatelství, s.r.o.,  |c 2026 
300 |a 1 online zdroj (792 stran) 
336 |a text  |b txt  |2 rdacontent 
337 |a bez média  |b n  |2 rdamedia 
338 |a online zdroj  |b cr  |2 rdacarrier 
520 2 |a Klíčové dílo jednoho z nejdůležitějších spisovatelů naší doby  Je advent a stárnoucí malíř Asle se připravuje na svou každoroční vánoční výstavu. Jeho pravidelný život vdovce vyplněný prací, vzpomínkami na milovanou ženu a hovory se sousedem naruší nečekaná událost — jeho přítel a současně alter ego stejného jména potřebuje pomoc. A tak Asle pendluje mezi svým domovem na samotě a městem a zároveň putuje v čase: cesty i jednotlivá zastavení mu slouží jako dveře, jimiž se vrací ke klíčovým okamžikům svého života.  Prostřednictvím vnitřního monologu, členěného do dlouhých rytmických celků a přerušovaného jen průzračně jednoduchými dialogy, se noříme do dvou paralelních životních osudů, do úvah o umění, víře, lásce a přátelství. Neodbytně všudypřítomnou smrt v životě hlavních postav střídá adventní poselství naděje.  Od držitele Nobelovy ceny za literaturu za rok 2023     ––– Knihy o životě. O umění. O lásce. O milosti. Ale i o malomyslnosti. A rozhodně o smrti. Měly by se číst pomalu, jedna po druhé, a pak — po té sedmé — by se čtenář měl vrátit zase k té první. A beze všeho je může číst během temné zimy, neboť v sobě nesou světlo.— Dagsavisen    V Septologii objevil Fosse nový přístup k psaní beletrie, odlišný jak od jeho předchozích děl, tak — ač se to při pětisetleté historii románového žánru může zdát zvláštní — i od všeho, co bylo napsáno předtím. Septologie působí jako zbrusu nová forma.— Harper’s  
910 |a RBIT002 
998 |d 427046  |a https://core.palmknihy.cz/api/books/427046/cover?tevz7v  |b https://core.palmknihy.cz/api/books/427046/cover/400?tevz7v  |c https://core.palmknihy.cz/api/books/427046/cover/50?tevz7v  |e 2031-01-22  |g 792  |i 9788027528684  |j https://core.palmknihy.cz/api/books/427046/preview.epub  |k https://core.palmknihy.cz/api/books/427046/preview.pdf  |l   |q 49  |r 1  |s https://www.palmknihy.cz/kniha/427046  |t ebook  |y 2026  |z 1 
999 |d 302539